| 000 | 00608nam a2200241 a 4500 | ||
|---|---|---|---|
| 001 | nice12345678 | ||
| 003 | IN_TiNIC | ||
| 005 | 20260116014058.0 | ||
| 008 | 140525s2011 oxfa grp 000 0 eng | ||
| 020 |
_a9781851686940 _c595 |
||
| 082 | 0 | 0 |
_a297.122 _bGAD |
| 100 | _aGade, Anna M | ||
| 245 |
_aQuran _b An Introduction |
||
| 260 |
_aOxford _bOne World Publications _c2011 |
||
| 300 | _a304p | ||
| 500 | _aincludes index and biblioraphy | ||
| 505 | 2 | _aglossary, biblio, index | |
| 650 | _aQuran-Appreciation | ||
| 700 | 1 | _aGade, Anna M | |
| 902 | _bSRS | ||
| 942 | _cBK | ||
| 999 |
_c13783 _d13783 |
||